Vybrané ukazatele za předškolní, školní a mimoškolní zařízení v ČSSR, ČSR a SSR ve školním roce 1985/1986
Salvato in:
| Natura: | Libro |
|---|---|
| Lingua: | ceco |
| Pubblicazione: |
Praha
Ústav školských informací při Ministerstvu školství ČSR
1986
|
| Tags: |
Nessun Tag, puoi essere il primo ad aggiungerne!!
|
MARC
| LEADER | 00000nam a2200000 4500 | ||
|---|---|---|---|
| 001 | c034000 | ||
| 005 | 20250917094658.0 | ||
| 041 | 0 | |a cze | |
| 044 | |a CZ | ||
| 245 | 1 | 0 | |a Vybrané ukazatele za předškolní, školní a mimoškolní zařízení v ČSSR, ČSR a SSR ve školním roce 1985/1986 |
| 264 | 1 | |a Praha |b Ústav školských informací při Ministerstvu školství ČSR |c 1986 | |
| 300 | |a 58 s. | ||